1569 1880 1705 1732 1184 1386 1987 1092 1214 1134 1331 1436 1881 1596 1554 1880 1294 1251 1633 1724 1771 1289 1022 1029 1089 1393 1635 1223 1524 1744 1671 1201 1383 1966 1434 1833 1799 1963 1503 1056 1155 1013 1278 1307 1055 1881 1675 1693 1534 1073 1346 1173 1027 1966 1126 1124 1471 1073 1374 1553 1432 1156 1515 1165 1507 1017 1145 1999 1325 1704 1986 1735 1966 1206 1188 1769 1192 1728 1775 1757 1130 1135 1965 1449 1097 1742 1981 1539 1283 1286 1505 1092 1982 1405 1712 1038 1937 1118 1308 BCNSPRNW ULIB Ver.6.0+V

เปลี่ยนเป็นภาษาไทย

Change to English
 แสดงรายละเอียดบรรณานุกรม
  กลับหน้าหลัก

Brief Record : Get Marc (ISO 2709) : E-mail record : QR code < ปิดหน้าต่าง
LEADER : 00000nam 2200000uu 4500
001    13399124800
003     ULIB
008    160324s2016||||th 000 0 eng d
020    ^a9781455772582 Volume 1
060 04 ^aWY150^bL132c V.1
100 1  ^aLaCharity, Linda A
245 10 ^aMedical-surgical nursing :^bpatient-centered collaborative care Vol.1/^cprepared by Linda A. LaCharity, Candice K. Kumagai.
246 14 ^aMedical-surgical nursing : patient-centered collaborative care
250    ^a8th ed.
260    ^aSt. Louis, Mo. :^bElsevier,^c2016.
300    ^a571 pages ;^c28 cm.
650  0 ^aSurgical nursing^xStudy and teaching.
650  0 ^aPatient-centered health care^xStudy and teaching.
700 1  ^aKumagai, Candice K.
700 1  ^aIgnatavicius, Donna D.
700 1  ^aWorkman, M. Linda.
945    ^p3810^l0^i000349
999    ^aเกษร โพธิ์สุวรรณ
รายการนี้ยังไม่มีแท็ก
คุณยังไม่ได้ล็อกอิน คุณสามารถมีกิจกรรมร่วมกับเว็บไซต์ได้ แต่ต้องล็อกอินก่อน ::
  ล็อกอิน

รายการสื่อสารสนเทศ

ลำดับที่ ประเภท เลขเรียก/บาร์โค้ด สถานที่ สถานะ
1. Book การพยาบาล
Book การพยาบาล
WY150 L132c V.1 ฉ.1 
  Barcode: 000349
ห้องสมุดวิทยาเขตสวรรค์ประชารักษ์
►หนังสือทั่วไป
บนชั้น

รายการใกล้เคียง
    ผู้แต่ง [LaCharity, Linda A]

BibComment


ยังไม่เคยถูกคอมเมนท์

คอมเมนท์ทรัพยากรรายการนี้
  คอมเมนท์: Medicalsurgical ..


 Copyright 2026. Bcnsprnw @Library